000
00195 a2200097 4500
001
7243
100
_a
Brow
245
_a
Telecommunication
260
_a
_b
chapman & HAll
_c
090
_c
5971
_d
5971
942
_a
NUST-CAE
_c
M
_c
32457
999
_c
242316
_d
242316